Algunos elementos que caracterizan la economía nacional y la crisis

Uloženo v:
Podrobná bibliografie
Hlavní autor: Funes, Miguel Angel
Médium: Text
Vydáno: Tegucigalpa
Tagy: Přidat tag
Žádné tagy, Buďte první, kdo vytvoří štítek k tomuto záznamu!

MARC

LEADER 00000 a a2200000 04500
001 20914
003
040
090 |a 089600  
100 |a Funes, Miguel Angel  
245 |a Algunos elementos que caracterizan la economía nacional y la crisis  
260 |a Tegucigalpa  
300 |a 23 p.  
999 |c 5918  |d 5918